Bucks Fizz Songs - Statistics

General Stats
  • This quiz has been taken 22 times
  • The average score is 13 of 15
Answer Stats
Hint Answer % Correct
The Land of Make _______ Believe
100%
Now Those ____ Are Gone Days
100%
Making Your ____ Up Mind
100%
You And Your _____ So Blue Heart
92%
_____ Of Stone Heart
92%
If You Can't Stand The ____ Heat
92%
___ For Your Lives Run
92%
Talking In Your _____ Sleep
92%
When We Were _____ Young
92%
My ______ Never Lies Camera
83%
Rules of The ____ Game
83%
Love The ___ You're With One
83%
New _________ Beginning
75%
London ____ Town
75%
I Hear ____ Talk
67%
No matching quizzes found
Score Distribution
Percent of People with Each Score
Percentile by Number Answered
Your Score History
You have not taken this quiz